Top 25 EDM albums - Statistics

General Stats
  • This quiz has been taken 37 times
  • The average score is 5 of 25
Answer Stats
Rank Year Artist Album % Correct
3 2001 Daft Punk Discovery
81%
2 1992 Aphex Twin Selected Ambient Works 85-92
56%
9 1997 Prodigy The Fat of the Land
44%
1 1998 Boards of Canada Music Has the Right to Children
41%
4 2007 Burial Untrue
41%
19 1997 The Chemical Brothers Dig Your Own Hole
33%
12 1994 The Prodigy Music for the Jilted Generation
33%
5 1996 Orbital In Sides
22%
14 2002 The Streets Original Pirate Material
22%
24 2013 Boards of Canada Tomorrow's Harvest
22%
20 1996 The Future Sound of London Dead Cities
19%
16 1994 Autechre Amber
15%
7 1993 Orbital Orbital [Brown Album]
15%
6 1994 Global Communication 76:14
11%
22 1994 The Future Sound of London Lifeforms
11%
8 1994 Underwold Dubnobasswithmyheadman
7%
18 2007 The Field From Here We Go Sublime
7%
17 1993 Autechre Incunabula
7%
15 1999 Gas Königsforst
7%
21 1991 The Orb The Orb's Adventures Beyond the Ultraworld
7%
13 1998 Gas Zauberberg
7%
25 1998 Plastikman Consumed
4%
23 1979 Sparks N° 1 in Heaven
4%
11 1998 Amon Tobin Permutation
4%
10 1996 Underworld Second Toughest in the Infants
4%
No matching quizzes found
Score Distribution
Percent of People with Each Score
Percentile by Number Answered
Your Score History
You have not taken this quiz